000 01459cam a2200385 a 4500
999 _c532782
_d532782
001 16255436
003 NUST
005 20191202191751.0
008 100527s2010 nyu b 001 0deng
010 _a 2010021685
020 _a9780312603694 (alk. paper)
020 _a9780312612177
038 _aMSOHAIL
040 _aDLC
_cDLC
_dDLC
043 _aa-af---
_an-us---
050 0 0 _aDS371.413
_b.S535 2010
082 0 0 _a958.1047
_222
100 1 _aShaffer, Anthony,
_d1962-
_926370
245 1 0 _aOperation dark heart :
_bspycraft and special ops on the frontlines of Afghanistan-- and the path to victory /
_cAnthony Shaffer.
250 _a1st ed.
260 _aNew York :
_bThomas Dunne Books,
_c2010.
300 _axv, 299 p. ;
_c25 cm.
500 _aIncludes index.
600 1 0 _aShaffer, Anthony,
_d1962-
_926370
610 1 0 _aUnited States.
_bDefense Intelligency Agency.
_926371
650 0 _aAfghan War, 2001-
_vPersonal narratives, American.
_926372
650 0 _aAfghan War, 2001-
_xSecret service
_zUnited States.
_926373
650 0 _aAfghan War, 2001-
_xMilitary intelligence.
_926374
650 0 _aIntelligence officers
_zUnited States
_vBiography.
_926375
650 0 _aEspionage
_zAfghanistan.
_926376
650 0 _aSpecial operations (Military science)
_zAfghanistan.
_926377
906 _a7
_bcbc
_corignew
_d1
_eecip
_f20
_gy-gencatlg
942 _2ddc
_cBK